Data structures and algorithmic thinking with python (Record no. 241008)

MARC details
000 -LEADER
fixed length control field 00794nam a22002537a 4500
005 - DATE AND TIME OF LATEST TRANSACTION
control field 20260307091215.0
008 - FIXED-LENGTH DATA ELEMENTS--GENERAL INFORMATION
fixed length control field 260306b |||||||| |||| 00| 0 eng d
020 ## - INTERNATIONAL STANDARD BOOK NUMBER
International Standard Book Number 9788192107592
040 ## - CATALOGING SOURCE
Transcribing agency AL
041 ## - LANGUAGE CODE
Language code of text/sound track or separate title English
082 ## - DEWEY DECIMAL CLASSIFICATION NUMBER
Classification number 005.73
Item number KARD
100 ## - MAIN ENTRY--PERSONAL NAME
Personal name Narasimha Karumanchi
100 ## - MAIN ENTRY--PERSONAL NAME
9 (RLIN) 258110
245 ## - TITLE STATEMENT
Title Data structures and algorithmic thinking with python
260 ## - PUBLICATION, DISTRIBUTION, ETC.
Place of publication, distribution, etc. Hyderabad
Name of publisher, distributor, etc. Career Monk Publications
Date of publication, distribution, etc. 2022
300 ## - PHYSICAL DESCRIPTION
Extent 467P.
Other physical details PB
Dimensions 28x20cm.
365 ## - TRADE PRICE
Price type code ABDI/0854/26
Price amount ₹749.25
Currency code
Unit of pricing ₹999.00
Price note 25%
Price effective from 19-02-2026
650 ## - SUBJECT ADDED ENTRY--TOPICAL TERM
Topical term or geographic name entry element Data Structures
9 (RLIN) 258104
650 ## - SUBJECT ADDED ENTRY--TOPICAL TERM
Topical term or geographic name entry element Algorithmic Puzzles
9 (RLIN) 258105
650 ## - SUBJECT ADDED ENTRY--TOPICAL TERM
Topical term or geographic name entry element Algorithm Design Techniques
9 (RLIN) 258106
650 ## - SUBJECT ADDED ENTRY--TOPICAL TERM
Topical term or geographic name entry element Concepts
9 (RLIN) 258107
650 ## - SUBJECT ADDED ENTRY--TOPICAL TERM
Topical term or geographic name entry element Interview Questions
9 (RLIN) 258108
650 ## - SUBJECT ADDED ENTRY--TOPICAL TERM
Topical term or geographic name entry element Problems
9 (RLIN) 258109
942 ## - ADDED ENTRY ELEMENTS (KOHA)
Source of classification or shelving scheme Dewey Decimal Classification
Koha item type Book
Holdings
Withdrawn status Lost status Source of classification or shelving scheme Damaged status Not for loan Collection code Home library Current library Date acquired Source of acquisition Cost, normal purchase price Total Checkouts Full call number Barcode Date last seen Cost, replacement price Price effective from Koha item type
    Dewey Decimal Classification     Information Science and Engineering St Aloysius Engineering Library St Aloysius Engineering Library 03/06/2026 Academic Book Distributors, Bengaluru-562159 749.25   005.73 KARD SE000250 03/06/2026 999.00 02/19/2026 Book
    Dewey Decimal Classification     Information Science and Engineering St Aloysius Engineering Library St Aloysius Engineering Library 03/06/2026 Academic Book Distributors, Bengaluru-562159 749.25   005.73 KARD SE000251 03/06/2026 999.00 02/19/2026 Book